<The> negotiation position amid member states of the EU

Pozornosť venovaná európskej integrácii. Využitie modernej metódy mapovania vzťahov v skupine - sociometria, jej výsledkom je sociomapa. V príspevku je sociomapa vytvorená z údajov zahraničného obchodu členských štátov. Rozborom sociomapy boli zistené charakteristické vlastnosti analyzovanej skupiny...

Ausführliche Beschreibung

Gespeichert in:
Bibliographische Detailangaben
1. Verfasser: Michálek, Pavel
Format: Buchkapitel
Sprache:Englisch
Schlagworte:
Tags: Tag hinzufügen
Keine Tags, Fügen Sie das erste Tag hinzu!

MARC

LEADER 00000naa$a2200000$$$4500
001 0041593
005 20231114071540.7
041 0 |a eng 
044 |a CZ 
245 1 0 |a <The> negotiation position amid member states of the EU  |c Pavel Michálek 
520 |a Pozornosť venovaná európskej integrácii. Využitie modernej metódy mapovania vzťahov v skupine - sociometria, jej výsledkom je sociomapa. V príspevku je sociomapa vytvorená z údajov zahraničného obchodu členských štátov. Rozborom sociomapy boli zistené charakteristické vlastnosti analyzovanej skupiny, formálna a neformálna politika v skupine, pozícia každého člena v skupine, štruktúra a vzťahy v skupine. Tým boli získané podklady k zodpovedaniu otázky o existujúcich pomeroch vo vzájomných vzťahoch v EÚ. Pozícia ČR, jej najbližší partneri pre vyjednávania. 
610 2 0 |a Európska únia 
610 2 0 |a štát 
610 2 0 |a vyjednávanie 
610 2 0 |a sociometria 
100 1 |a Michálek, Pavel